000 00958nam a2200289 4500
003 EG-GICUC
005 20260312103857.0
008 260312s1927 fr ||||fr|||| 00| 0 fre d
040 _aEG-GICUC
_cEG-GICUC
_dEG-GICUC
_erda
_bfre
082 0 4 _221
_a341.66
_bBO . S
092 0 4 _221
099 _aLaw 11 341.66 BO . S 1927
100 1 _aBoeck, Charles De
_eAuteur
245 1 0 _aLe séquestre de la propriété privée en temps de guerre /
_cPar Charles De Boeck.
264 1 _aParis;
_bMarcel Giard,
_c1927.
300 _a118 pages
_billustrations
_c30 cm.
_eCD.
336 _atexte
_2rda contenu
337 _aOrdinateur
_2rda medias
338 _aRessource en ligne
_2transporteur rda
504 _aBibliography: pages 200-250. 240-220
546 _aTexte en français
650 0 4 _2qrmak
_aDroit international public
651 1 _2qrmak
856 _uhttps://fll.law.cu.edu.eg/fulltext/bks/B11-08570.pdf
905 _a31
942 _2ddc
_cBK
_e21
_n0
999 _c66215
_d66215